Snell's equity / (Record no. 203)
[ view plain ]
| 000 -LEADER | |
|---|---|
| fixed length control field | 01503cam a2200421 a 4500 |
| 001 - CONTROL NUMBER | |
| control field | 13663738 |
| 003 - CONTROL NUMBER IDENTIFIER | |
| control field | OSt |
| 005 - DATE AND TIME OF LATEST TRANSACTION | |
| control field | 20110409133654.0 |
| 008 - FIXED-LENGTH DATA ELEMENTS--GENERAL INFORMATION | |
| fixed length control field | 040723s2002 enk w 001 0 eng |
| 010 ## - LIBRARY OF CONGRESS CONTROL NUMBER | |
| LC control number | 2005472756 |
| 015 ## - NATIONAL BIBLIOGRAPHY NUMBER | |
| National bibliography number | GBA2-U9146 |
| 020 ## - INTERNATIONAL STANDARD BOOK NUMBER | |
| International Standard Book Number | 9780421852600 |
| 035 ## - SYSTEM CONTROL NUMBER | |
| System control number | (OCoLC)ocm50653064 |
| 040 ## - CATALOGING SOURCE | |
| Original cataloging agency | UKM |
| Transcribing agency | UKM |
| Modifying agency | DLC |
| 042 ## - AUTHENTICATION CODE | |
| Authentication code | lccopycat |
| 043 ## - GEOGRAPHIC AREA CODE | |
| Geographic area code | e-uk--- |
| 050 00 - LIBRARY OF CONGRESS CALL NUMBER | |
| Classification number | KD674 |
| Item number | .S64 2005 |
| 082 04 - DEWEY DECIMAL CLASSIFICATION NUMBER | |
| Classification number | 346.42004 SNE |
| Edition number | 22 |
| 245 00 - TITLE STATEMENT | |
| Title | Snell's equity / |
| Statement of responsibility, etc | General editor, John McGhee ; contributors Matthew Conaglen ... [et al.]. |
| 246 3# - VARYING FORM OF TITLE | |
| Title proper/short title | Equity. |
| 250 ## - EDITION STATEMENT | |
| Edition statement | 31th ed. _ |
| 260 ## - PUBLICATION, DISTRIBUTION, ETC. (IMPRINT) | |
| Place of publication, distribution, etc | London : |
| Name of publisher, distributor, etc | Sweet & Maxwell, |
| Date of publication, distribution, etc | 2005. |
| 300 ## - PHYSICAL DESCRIPTION | |
| Extent | ccix, 990 p. ; |
| Dimensions | 24 cm. |
| 440 #0 - SERIES STATEMENT/ADDED ENTRY--TITLE | |
| Title | Trusts, wills and probate library. |
| 9 (RLIN) | 593 |
| 500 ## - GENERAL NOTE | |
| General note | Rev. ed. of: Snell's principles of equity / E. H. T. Snell. 28th ed. 1982. |
| 500 ## - GENERAL NOTE | |
| General note | Includes index. |
| 650 #0 - SUBJECT ADDED ENTRY--TOPICAL TERM | |
| Topical term or geographic name as entry element | Equity |
| Geographic subdivision | England. |
| 9 (RLIN) | 594 |
| 650 #0 - SUBJECT ADDED ENTRY--TOPICAL TERM | |
| Topical term or geographic name as entry element | Equity |
| Geographic subdivision | England |
| Form subdivision | Digests. |
| 9 (RLIN) | 595 |
| 650 #0 - SUBJECT ADDED ENTRY--TOPICAL TERM | |
| Topical term or geographic name as entry element | Equity |
| Geographic subdivision | Wales. |
| 9 (RLIN) | 596 |
| 650 #0 - SUBJECT ADDED ENTRY--TOPICAL TERM | |
| Topical term or geographic name as entry element | Equity |
| Geographic subdivision | Wales |
| Form subdivision | Digests. |
| 9 (RLIN) | 597 |
| 700 1# - ADDED ENTRY--PERSONAL NAME | |
| Personal name | McGhee, John. |
| 9 (RLIN) | 598 |
| 700 1# - ADDED ENTRY--PERSONAL NAME | |
| Personal name | Conaglen, Matthew. |
| 9 (RLIN) | 599 |
| 700 1# - ADDED ENTRY--PERSONAL NAME | |
| Personal name | Snell, Edmund Henry Turner, |
| Dates associated with a name | 1841-1869. |
| Title of a work | Principles of equity. |
| 9 (RLIN) | 600 |
| 906 ## - LOCAL DATA ELEMENT F, LDF (RLIN) | |
| a | 7 |
| b | cbc |
| c | copycat |
| d | 3 |
| e | ncip |
| f | 20 |
| g | y-gencatlg |
| 942 ## - ADDED ENTRY ELEMENTS (KOHA) | |
| Source of classification or shelving scheme | Dewey Decimal Classification |
| Koha item type | Books |
| Withdrawn status | Lost status | Source of classification or shelving scheme | Damaged status | Not for loan | Home library | Current library | Shelving location | Date acquired | Total Checkouts | Full call number | Barcode | Date last seen | Price effective from | Koha item type |
|---|---|---|---|---|---|---|---|---|---|---|---|---|---|---|
| Dewey Decimal Classification | Law Development Centre Main Library | Law Development Centre Main Library | Text Books and Laws | 04/09/2011 | 346.42004 SNE | 010/224 | 04/09/2011 | 04/09/2011 | Books |
